Pengetahuan am di Malaysia 1

Bibliographic Details
Main Author: Ghulam Jie M.Khan
Format: Book
Published: Melaka : Associated Educational Distributors (M) Sdn.Bhd. , 1994
Subjects:

MARC

LEADER 00000cam a2200000 7i4500
001 0000008526
002 000009294
005 20060207.0
020 |a 967948405X 
090 0 0 |a 959.503   |b GHU 
100 0 |a Ghulam Jie M.Khan 
245 1 0 |a Pengetahuan am di Malaysia 1   |c Ghulam Jie M.Khan 
260 |a Melaka :   |b Associated Educational Distributors (M) Sdn.Bhd. ,   |c 1994 
300 |a 50 p. :   |b ill ;   |c 19 cm. 
650 0 0 |a Curiosities and wonders   |z Malaysia 
999 |a 036331   |b BUKU   |c PINJAMAN   |e PERPUSTAKAAN KOMUNITI PETALING JAYA 
999 |a 036332   |b BUKU   |c JUNIOR BOOKS   |e PERPUSTAKAAN KOMUNITI PETALING JAYA